[Event "Budapest FS09 FM-B"]
[Site "Budapest"]
[Date "2012.09.10"]
[Round "9"]
[White "Benyoussef, Salem"]
[Black "Mayer, Istvan"]
[Result "0-1"]
[WhiteElo "1661"]
[BlackElo "2072"]
[PlyCount "68"]
[EventDate "2012.09.01"]
[EventType "tourn"]
[EventRounds "9"]
[EventCountry "HUN"]
[SourceTitle "CBM 150 Extra"]
[Source "ChessBase"]
[SourceDate "2012.10.19"]
[SourceVersion "1"]
[SourceVersionDate "2012.10.19"]
[SourceQuality "1"]

1. d4 d5 2. Nf3 Nf6 3. g3 Bf5 4. Bg2 h6 5. 0-0 e6 6. b3 c5 7. e3 Nc6 8. Bb2 Nb4 9. Na3 Rc8 10. c4 Nd3 11. Qd2 Nxb2 12. Qxb2 Qa5 13. Nc2 Ne4 14. dxc5 Nxc5 15. Ncd4 Bd3 16. Rfd1 dxc4 17. bxc4 Bxc4 18. Nb3 Qb6 19. Rac1 Bd5 20. Rd2 Rc6 21. Nxc5 Qxb2 22. Rxb2 Rxc5 23. Rxc5 Bxc5 24. Nd4 Bxg2 25. Kxg2 Bxd4 26. exd4 b6 27. f4 Kd7 28. Rc2 Rc8 29. Rxc8 Kxc8 30. Kf2 Kd7 31. Ke3 Kd6 32. Ke4 b5 33. Ke3 Kd5 34. Kd3 b4 0-1